00399nam a2200145Ia 450000500170000000800460001703700120006304000210007504100130009608400220010910000170013124500560014826000340020430000150023820250508150240.0008 250505s9999 xx 000 0 eng d aTextual aFEDL bengcFEDL aeng2eng a954.03, LYAqFEDL aLyall Alfred 0aRise and expansion of the British dominion in India aLondon, UKbJohn Murrayc1929 axviii,397p